| 000 | 00455nam a2200217Ia 4500 | ||
|---|---|---|---|
| 003 | IT-RoPAU | ||
| 008 | 120407s9999 xx 000 0 und d | ||
| 040 | _aIT-RoPAU | ||
| 040 | _cIT-RoPAU | ||
| 041 | _afra | ||
| 100 | _aRené Laurentin | ||
| 245 | _aL’enjeu du Synode suite du Concile. | ||
| 250 | _aParis | ||
| 260 | _aDu Seuil | ||
| 260 | _c1967 | ||
| 300 | _a223 p. | ||
| 300 | _c20,5 cm | ||
| 490 | _v1 | ||
| 942 | _cBK | ||
| 999 |
_c29362 _d29362 |
||